000 00430nam a2200193Ia 4500
005 20250603144612.0
008 250603s9999 xx 000 0 und d
020 _a9781856176262
050 _aTH 6010 .H35/
100 _aHall, Fred.
245 0 _aBuilding services handbook
250 _a5th ed.
260 _aNew York
260 _bElsevier
260 _c2017
300 _a630 p
650 _aNew York
942 _cBK
999 _c39407
_d39407